<?xml version="1.0" encoding="UTF-8"?>
<marc:record xmlns:marc="http://www.loc.gov/MARC21/slim">
   <marc:leader>00000nam a2200000 a 4500</marc:leader>
   <marc:datafield ind1="0" ind2="0" tag="245">
      <marc:subfield code="a">Niko - Ein Rentier hebt ab</marc:subfield>
   </marc:datafield>
   <marc:datafield ind1=" " ind2="1" tag="264">
      <marc:subfield code="b">Universum Film</marc:subfield>
      <marc:subfield code="c">2014</marc:subfield>
   </marc:datafield>
   <marc:datafield ind1="1" ind2=" " tag="490">
      <marc:subfield code="a">Niko Rentier</marc:subfield>
   </marc:datafield>
   <marc:datafield ind1="1" ind2=" " tag="520">
      <marc:subfield code="a">Das Rentierjunge Niko träumt davon, endlich fliegen zu lernen. Wie sein Vater, den er nie kennen gelernt hat, von dem er aber weiß, dass er zu jener magischen Truppe gehört, die den Schlitten des Weihnachtsmannes durch die Lüfte ziehen darf. Deshalb macht er sich mit Flughörnchen Julius und Wieseldame Wilma auf die Reise zu Vaters Rentierherde. Nachdem das Trio ein Rudel hungriger Wölfe abgeschüttelt hat, kommt Niko endlich im Land des Weihnachtsmannes an. Jetzt muss er nur noch seinen Papa finden und natürlich fliegen lernen.</marc:subfield>
   </marc:datafield>
   <marc:datafield ind1="3" ind2=" " tag="024">
      <marc:subfield code="a">88697644079</marc:subfield>
   </marc:datafield>
</marc:record>
